00206nam a2200073Ia 4500082001200000245002200012100005700034008004100091 aAF LING 0aBruinoog-Madonna  a LINGUA, Susanna M. Parklands, 2002 LARGE PRINT 210817s9999 xx 000 0 und d